Statistics for All 5-Letter Words Starting with “P”

Click here to take the quiz!

General Stats

  • This quiz has been taken 273 times
    (85 since last reset)
  • The average score is 236 of 618

Answer Stats

Word% Correct
pales
91%
parts
91%
packs
88%
pants
88%
piles
88%
paces
86%
parks
84%
pines
83%
plans
83%
poker
83%
pains
81%
pears
81%
peels
81%
pills
81%
pints
81%
plane
81%
plank
81%
pride
81%
pulls
81%
paled
79%
party
79%
patch
79%
place
79%
pools
79%
pages
78%
pails
78%
panes
78%
piled
78%
plain
78%
plant
78%
pokes
78%
ports
78%
pacer
76%
peers
76%
plate
76%
poles
76%
polls
76%
posts
76%
pours
76%
prove
76%
paint
74%
pasts
74%
peaks
74%
peals
74%
plays
74%
plead
74%
prays
74%
price
74%
prime
74%
paced
72%
paste
72%
pearl
72%
peeks
72%
pleas
72%
pores
72%
porks
72%
prick
72%
pukes
72%
p****
71%
pager
71%
pecks
71%
perks
71%
pinks
71%
plums
71%
punts
71%
purse
71%
paddy
69%
paler
69%
paves
69%
pests
69%
picks
69%
poked
69%
potty
69%
power
69%
prose
69%
pucks
69%
pairs
67%
patty
67%
peace
67%
pelts
67%
phone
67%
pikes
67%
pings
67%
plume
67%
pocks
67%
ponds
67%
porky
67%
prank
67%
print
67%
proof
67%
puffs
67%
palms
66%
panty
66%
pasty
66%
peach
66%
perky
66%
piggy
66%
plaid
66%
point
66%
prods
66%
props
66%
proud
66%
puffy
66%
p****
64%
paged
64%
pangs
64%
pares
64%
pater
64%
paved
64%
paver
64%
peats
64%
penny
64%
petty
64%
piers
64%
plump
64%
poops
64%
prize
64%
prune
64%
pumps
64%
punks
64%
paned
62%
payer
62%
peeps
62%
pimps
62%
pined
62%
pinky
62%
pluck
62%
poppy
62%
pored
62%
poses
62%
pound
62%
pouts
62%
preps
62%
probe
62%
prone
62%
panda
60%
paths
60%
picky
60%
piker
60%
pleat
60%
plows
60%
preys
60%
proms
60%
puked
60%
punch
60%
palls
59%
panic
59%
pasta
59%
piece
59%
pipes
59%
pitch
59%
plops
59%
plugs
59%
poets
59%
press
59%
prims
59%
puppy
59%
pushy
59%
putty
59%
paper
57%
pates
57%
payed
57%
pends
57%
pinch
57%
plack
57%
plier
57%
poems
57%
poled
57%
polka
57%
popes
57%
porch
57%
purge
57%
peppy
55%
perms
55%
photo
55%
piked
55%
pinto
55%
piper
55%
plies
55%
plots
55%
plunk
55%
posed
55%
poser
55%
prams
55%
prows
55%
p****
53%
pacts
53%
pally
53%
parch
53%
pared
53%
pawed
53%
phase
53%
piped
53%
plait
53%
plats
53%
pongs
53%
posse
53%
prude
53%
pumas
53%
punky
53%
parer
52%
paris
52%
pawns
52%
peaky
52%
pedal
52%
pence
52%
perry
52%
pesty
52%
peter
52%
plied
52%
ploys
52%
poler
52%
primp
52%
pyres
52%
parka
50%
parky
50%
payee
50%
perch
50%
pilot
50%
pomps
50%
pones
50%
pries
50%
progs
50%
purrs
50%
p****
48%
panel
48%
pappy
48%
parry
48%
pated
48%
perps
48%
plumb
48%
prats
48%
prong
48%
pause
47%
pawer
47%
pinny
47%
pokey
47%
prowl
47%
proxy
47%
putts
47%
p****
45%
parse
45%
passe
45%
peans
45%
petal
45%
pixel
45%
pizza
45%
polar
45%
pouch
45%
poxes
45%
preen
45%
pulse
45%
parle
43%
pervs
43%
piney
43%
pixie
43%
plink
43%
plush
43%
poise
43%
poons
43%
poopy
43%
pried
43%
probs
43%
profs
43%
pulps
43%
purer
43%
p****
41%
papas
41%
paras
41%
pease
41%
peens
41%
pervy
41%
pesto
41%
pithy
41%
plage
41%
plaza
41%
pogos
41%
prawn
41%
prigs
41%
prior
41%
punny
41%
peaty
40%
penne
40%
pesos
40%
phono
40%
phony
40%
piano
40%
plonk
40%
polos
40%
pouty
40%
pulpy
40%
puree
40%
palmy
38%
papal
38%
pards
38%
paren
38%
pareo
38%
patsy
38%
pesky
38%
piste
38%
pooch
38%
posey
38%
puggy
38%
padre
36%
perse
36%
pique
36%
piths
36%
polis
36%
poxed
36%
prate
36%
privy
36%
prole
36%
promo
36%
purls
36%
pacey
34%
pagan
34%
pansy
34%
patio
34%
pecky
34%
penal
34%
peons
34%
pilar
34%
pilei
34%
poach
34%
prang
34%
prise
34%
prism
34%
pross
34%
prost
34%
pupil
34%
peeve
33%
peril
33%
plebe
33%
plebs
33%
polio
33%
pricy
33%
primo
33%
pules
33%
pylon
33%
panne
31%
pardy
31%
peart
31%
phons
31%
piety
31%
plyer
31%
pocky
31%
polyp
31%
pomes
31%
prest
31%
prier
31%
prill
31%
prink
31%
priss
31%
pudgy
31%
punty
31%
peris
29%
pitas
29%
platy
29%
plods
29%
plumy
29%
polys
29%
pongy
29%
puces
29%
pudge
29%
purty
29%
p****
28%
pacas
28%
palsy
28%
panto
28%
pinot
28%
pinta
28%
pongo
28%
poods
28%
pooed
28%
proso
28%
pungs
28%
palet
26%
palps
26%
panga
26%
parge
26%
parve
26%
pasha
26%
pecan
26%
peery
26%
pekes
26%
picas
26%
pingo
26%
pivot
26%
plash
26%
plasm
26%
playa
26%
prima
26%
prosy
26%
psalm
26%
pukey
26%
pyros
26%
pandy
24%
peles
24%
penna
24%
penni
24%
peony
24%
peres
24%
pilaf
24%
prase
24%
pupas
24%
p****
22%
pases
22%
paten
22%
paxes
22%
pilau
22%
pimas
22%
pions
22%
pipas
22%
ponce
22%
porgy
22%
poult
22%
primi
22%
prion
22%
pulks
22%
pyrex
22%
pacha
21%
pampa
21%
parvo
21%
pawls
21%
perdy
21%
petit
21%
phish
21%
pilea
21%
pinna
21%
pipet
21%
pitta
21%
plews
21%
psych
21%
puler
21%
pulis
21%
pupae
21%
pupal
21%
pupus
21%
puses
21%
padis
19%
padle
19%
pardi
19%
pareu
19%
parrs
19%
penes
19%
petto
19%
phots
19%
pians
19%
pinko
19%
pooja
19%
poufs
19%
prees
19%
pryer
19%
pukka
19%
pygmy
19%
palis
17%
peags
17%
pedes
17%
peins
17%
pervo
17%
pious
17%
podgy
17%
pooka
17%
posit
17%
potsy
17%
potto
17%
puled
17%
punka
17%
punto
17%
pursy
17%
pyric
17%
padri
16%
papaw
16%
pargo
16%
parol
16%
paska
16%
patin
16%
pikas
16%
pikis
16%
pinon
16%
pisco
16%
piton
16%
pixes
16%
poppa
16%
pouff
16%
prana
16%
preed
16%
proas
16%
pulas
16%
purin
16%
puris
16%
paisa
14%
paise
14%
paseo
14%
pavin
14%
payor
14%
peage
14%
peavy
14%
pekin
14%
pekoe
14%
pelon
14%
percs
14%
perdu
14%
petti
14%
phage
14%
picot
14%
pigmy
14%
pilaw
14%
poohs
14%
popsy
14%
porin
14%
pudus
14%
punas
14%
palpi
12%
palsa
12%
pavan
12%
pepos
12%
perea
12%
phuts
12%
pilis
12%
pilus
12%
pinas
12%
pipal
12%
pitot
12%
podia
12%
poesy
12%
praos
12%
prese
12%
proem
12%
pucka
12%
pujas
12%
pulka
12%
putti
12%
putto
12%
parae
10%
pavid
10%
pavis
10%
peise
10%
pical
10%
pieta
10%
plotz
10%
ploye
10%
pomos
10%
pulik
10%
punji
10%
paans
9%
paean
9%
paiks
9%
pedro
9%
pengo
9%
pisos
9%
presa
9%
pseud
9%
pyran
9%
pappi
7%
patly
7%
phial
7%
phyla
7%
pinup
7%
plena
7%
pudic
7%
purda
7%
palea
5%
pashm
5%
pawky
5%
pekan
5%
pelfs
5%
phyle
5%
pipit
5%
pleon
5%
plica
5%
pluot
5%
poind
5%
praam
5%
praus
5%
puton
5%
pyxis
5%
pzazz
5%
paeon
3%
pechs
3%
pepla
3%
phlox
3%
piani
3%
pibal
3%
pirns
3%
pogey
3%
ponzu
3%
prexy
3%
pshaw
3%
pyoid
3%
pyxie
3%
pagod
2%
pauas
2%
pelau
2%
pewee
2%
pewit
2%
phizz
2%
phpht
2%
picul
2%
piezo
2%
piing
2%
pirog
2%
poboy
2%
poilu
2%
pombe
2%
poori
2%
poyou
2%
prahu
2%
preop
2%
pruta
2%
psoae
2%
psoai
2%
psoas
2%
pujah
2%
pulao
2%
pyins
2%
pyxes
2%

Score Distribution

Percentile by Number Answered

Percent of People with Each Score

Your Score History

You have not taken this quiz since the last reset